(Record no. 189636)

MARC details
000 -LEADER
fixed length control field 00404nam a2200145Ia 4500
041 ## - LANGUAGE CODE
Language code of text/sound track or separate title Kurdish
082 ## - DEWEY DECIMAL CLASSIFICATION NUMBER
Classification number 951,09 cut-983 م
100 ## - MAIN ENTRY--PERSONAL NAME
Personal name 20260118u\\\\\\\\\\\y0engy0103\\\\ba
Personal name ڤلادیمیر مینۆرسکى
245 #0 - TITLE STATEMENT
Title مینۆرسکى وکورد
250 ## - EDITION STATEMENT
Edition statement چ1
260 ## - PUBLICATION, DISTRIBUTION, ETC. (IMPRINT)
Name of publisher, distributor, etc چاپخانە وەزارەتى پەروردە
Place of publication, distribution, etc هەوڵیر
Date of publication, distribution, etc 2006
300 ## - PHYSICAL DESCRIPTION
Extent 256
942 ## - ADDED ENTRY ELEMENTS (KOHA)
Koha item type Books
Holdings
Withdrawn status Lost status Damaged status Not for loan Collection code Home library Current library Shelving location Date acquired Total Checkouts Full call number Barcode Date last seen Copy number Price effective from Koha item type
          Koya University Central Library Koya University Central Library Books 18/01/2026   951,09 cut-983 م 0000093129 18/01/2026 1 18/01/2026 Books